000 00700nam a2200241Ia 4500
003 OSt
005 20220930063844.0
006 a|||||r|||| 00| 0
007 ta
008 220926b |||||||| |||| 00| 0 eng d
024 _a3404
037 _cTheses
040 _aCRL
_cCRL
_beng
041 _2eng
_aeng
100 _aChaturvedi Mithilesh Kumar
_9523620
110 _aUniversity of Delhi. Faculty of Arts. Department of Sanskrit
245 0 _aStudy of the vrittisamuddesa of the vakyapadiya
260 _c1976
650 _aSANSKRIT
700 _aUniversity of Delhi. Faculty of Arts. Department of Sanskrit
942 _cDIS
_2CC
999 _c857400
_d857400